| 000 | nam a22 a 4500 | ||
|---|---|---|---|
| 999 |
_c669 _d669 |
||
| 003 | AKMAL | ||
| 005 | 20170504145506.0 | ||
| 008 | 170504r2005 xxka e 001 0 eng d | ||
| 020 |
_a1857883314 (pbk.) : _cRM73.00 |
||
| 040 | _aAKMAL | ||
| 082 | 0 | 0 |
_a158.1 KOC _222 |
| 090 | 0 | 0 |
_a158.1 _bKOC |
| 100 | 1 |
_aKoch, Richard, _d1950- _91442 |
|
| 245 | 1 | 0 |
_aLiving the 80/20 way : _bwork less, worry less, succeed more, enjoy more / _cRichard Koch |
| 260 |
_aLondon : _bNicholas Brealey Pub., _c2005 |
||
| 300 |
_a184p. : _bill. ; _c23cm. |
||
| 504 | _aIncludes bibliographical references and index | ||
| 650 | 1 | 0 |
_aSuccess _xPsychological aspects _91186 |
| 942 |
_2ddc _cBOOK |
||